000 01045nam a22002417a 4500
005 20080923102150.0
008 080923t xxu||||| |||| 00| 0 eng d
010 _aENG-91037
020 _c60.00
035 _aEN-74570
037 _bDBAD / PUB
040 _adpl
_bEnglish
082 _a302.14
100 _aPuniyani, Ram
245 _aCommunalism:
_cby Ram Puniyani
_billustrated primer /
260 _aMumbai
_bBombay Sarvodaya Friendship Centre
_c2007
270 _bMumbai
_a701, Sainath Estate, Opp, Lokmanya Vidyalaya, Neelam Nagar, Mulund(E)
_e400081
300 _a128p.:
_c25 cm (pbk)
_bill.
650 _aCommunalism
942 _2ddc
_cEN
_mPUN
_h302.14
999 _c15591
_d15591